[Event "Oberliga Nord N9899"]
[Site "GER"]
[Date "1999.??.??"]
[Round "?"]
[White "Doeppner, Tilo"]
[Black "Kues, Hendrik"]
[Result "1-0"]
[WhiteElo "2190"]
[BlackElo "2215"]

1.d4 d5 2.c4 c6 3.Nf3 Nf6 4.Nc3 dxc4 5.a4 Bf5 6.e3 e6 7.Bxc4 Bb4 8.O-O Nbd7
9.Qe2 Bg6 10.Rd1 O-O 11.Na2 Be7 12.Nc3 Bb4 13.Na2 Be7 14.Ne5 Nxe5 15.dxe5 Nd7
16.f4 Qc7 17.e4 Rad8 18.Rf1 Nb6 19.Bb3 Rfe8 20.f5 Bc5+ 21.Kh1 exf5 22.exf5 Rxe5
23.Bf4 Rxe2 24.Bxc7 Rd7 25.Bxb6 axb6 26.fxg6 hxg6 27.Rad1 Rxd1 28.Bxd1 Rxb2
29.Nc1 Bd4 30.h3 Bf6 31.Nd3 Rd2 32.Nf2 Bd4 33.Ne4 Rb2 34.Nd6 c5 35.Re1 Rb1
36.Rf1 f6 37.Be2 Rb4 38.Bb5 Be5 39.Nc4 Bd4 40.Rd1 f5 41.Kh2 g5 42.Nxb6 Be5+
43.Kg1 Bd4+ 44.Kh1 g4 45.Nd5 Rb2 46.Ne7+ Kh7 47.Nxf5  1-0

[Event "GER-ch 11th Seniors"]
[Site "Germany"]
[Date "1999.??.??"]
[Round "?"]
[White "Lieb, Harald"]
[Black "Hoeller, Werner"]
[Result "1-0"]
[WhiteElo "2275"]
[BlackElo "1935"]

1.d4 Nf6 2.Nf3 d5 3.c4 c6 4.Nc3 dxc4 5.a4 Bf5 6.e3 e6 7.Bxc4 Bb4 8.O-O Nbd7
9.Qe2 Ne4 10.Nxe4 Bxe4 11.Nd2 Bg6 12.Nb3 Nf6 13.f3 Qc7 14.e4 O-O 15.Bg5 Nd7
16.a5 Rfe8 17.Rfd1 a6 18.Be3 Rac8 19.Bf2 Bd6 20.g3 Bb4 21.Kg2 Nf6 22.g4 Nd7
23.Rdc1 Qd8 24.e5 Qe7 25.f4 Kh8 26.Qf3 f5 27.g5 Bf7 28.h4 g6 29.Be2 Rc7 30.Rc4 Rec8
31.Rac1 Nb8 32.h5 Kg7 33.Qd3 Be8 34.Bf3 c5 35.dxc5 Bb5 36.Qd6 Bxc4 37.Qxe7+ Rxe7
38.Rxc4 Bxa5 39.Nxa5 Nc6 40.Nxc6 bxc6 41.Rb4 Rd7 42.Be3  1-0

[Event "BL2-W9899"]
[Site "Germany"]
[Date "1999.??.??"]
[Round "4.2"]
[White "Chuchelov, Vladimir"]
[Black "Kupreichik, Viktor D"]
[Result "1-0"]
[WhiteElo "2540"]
[BlackElo "2525"]

1.d4 d5 2.c4 c6 3.Nf3 Nf6 4.Nc3 dxc4 5.a4 Bf5 6.e3 e6 7.Bxc4 Bb4 8.O-O O-O
9.Nh4 Nbd7 10.f3 Bg6 11.e4 Rc8 12.Nxg6 hxg6 13.Qe2 Nb6 14.Rd1 c5 15.dxc5 Bxc5+
16.Kh1 Qe7 17.Bb3 Rfd8 18.Bg5 Rxd1+ 19.Rxd1 Bb4 20.Na2 Qf8 21.Be3 Bc5 22.a5 Nbd7
23.Bc1 Ne5 24.Ba4 a6 25.Bd2 Nc6 26.Bc3 Qe7 27.g3 Nb4 28.Nc1 Nc6 29.Bxc6 Rxc6
30.Nd3 Nd7 31.Nxc5 Nxc5 32.Rd4 Nb3 33.Rd1 Rc8 34.Qd3 Qc5 35.Qd7 Qc7 36.Qa4 Nc5
37.Qd4 f6 38.Kg2 g5 39.Qc4  1-0

[Event "Alfoeld Cup op"]
[Site "Hajduszoboszlo"]
[Date "1999.??.??"]
[Round "9"]
[White "Szelenyi, Norbert"]
[Black "Nagyajtai, Gabor"]
[Result "1/2-1/2"]
[WhiteElo "2355"]
[BlackElo "2175"]

1.d4 d5 2.c4 c6 3.Nc3 Nf6 4.Nf3 dxc4 5.a4 Bf5 6.e3 e6 7.Bxc4 Bb4 8.O-O Bg4
9.Qe2 Nbd7 10.Rd1 Qa5 11.e4 e5 12.d5 O-O 13.h3 Bxf3 14.Qxf3 Rac8 15.dxc6 Nb6
16.Bb3 Rxc6 17.Nd5 Nbxd5 18.exd5 Rd6 19.Be3 Nd7 20.Rac1 f5 21.Bg5 Rg6 22.d6+ Kh8
23.Be7 e4 24.Qf4 Rb8 25.Bf7 Rh6 26.Rc7 Qe5 27.Qxe5 Nxe5 28.d7 Bxe7 29.Rc8+ Bd8
30.Rxb8 Nxf7 31.Rxb7 a6 32.b4 Kg8 33.Ra7 Kf8 34.b5 axb5 35.axb5 Ke7 36.Ra6 Rb6
37.Rxb6 Bxb6 38.g4 fxg4 39.hxg4 Nd6 40.Kg2 Kxd7 41.Kg3 Ke6 42.Kg2 Ke5 43.Rd2 Bd4
44.Ra2 Kd5 45.Kg3 h6 46.Kf4 Be5+ 47.Ke3 Nc4+ 48.Ke2 Kc5 49.f3 exf3+ 50.Kxf3 Kxb5
51.Ke4 Bf6 52.Rc2 Kb4 53.Rh2 Kc3 54.Rh3+ Kd2 55.Rh2+ Kc3 56.Rh3+ Kd2 57.Rh2+ Ke1
58.Rc2 Nd2+ 59.Kd3 Bg5 60.Rc7 Kf2 61.Rxg7 Kg3 62.Ke2 Kxg4 63.Kf2 h5 64.Ra7 h4
65.Ra4+ Bf4 66.Rd4 Nf3 67.Rd3 Ng5 68.Rd1 Ne4+ 69.Kg1 Kg3 70.Rd8  1/2-1/2

[Event "Helsinki We I HSK"]
[Site "Helsinki"]
[Date "1999.??.??"]
[Round "3"]
[White "Veingold, Aleksandr"]
[Black "Issakainen, Ari"]
[Result "1-0"]
[WhiteElo "2477"]
[BlackElo "2256"]

1.d4 d5 2.Nf3 Nf6 3.c4 c6 4.Nc3 dxc4 5.a4 Bf5 6.Ne5 e6 7.f3 Bb4 8.e4 Bxe4
9.fxe4 Nxe4 10.Bd2 Qxd4 11.Nxe4 Qxe4+ 12.Qe2 Bxd2+ 13.Kxd2 Qd5+ 14.Kc3 Na6
15.Nxc4 O-O 16.Qe5 Rac8 17.Be2 f6 18.Qe3 e5 19.Rad1 Qc5 20.Qxc5 Nxc5 21.Nd6 Rc7
22.Bc4+ Kh8 23.Nf7+ Rcxf7 24.Bxf7 Ne4+ 25.Kb4 Nf2 26.Rhf1 Nxd1 27.Rxd1 b6
28.Rd6 g6 29.Bc4 c5+ 30.Kb5 f5 31.Rd7 f4 32.Bd5 Re8 33.Rxa7 e4 34.Ra8  1-0

[Event "HUN-chT9899"]
[Site "HUN"]
[Date "1999.??.??"]
[Round "?"]
[White "Petran, Pal"]
[Black "Videki, Sandor"]
[Result "1/2-1/2"]
[WhiteElo "2395"]
[BlackElo "2420"]

1.Nf3 Nf6 2.d4 d5 3.c4 c6 4.Nc3 dxc4 5.a4 Bf5 6.Ne5 Nbd7 7.Nxc4 Qc7 8.g3 e5
9.dxe5 Nxe5 10.Bf4 Nfd7 11.Bg2 f6 12.O-O Nc5 13.e4 Bg6 14.Qe2 Be7 15.Rad1 O-O
16.Bh3 Bf7 17.Bxe5 fxe5 18.f4 exf4 19.Rxf4 Be6 20.Bxe6+ Nxe6 21.Rxf8+ Nxf8
22.e5 Rd8  1/2-1/2

[Event "HUN-chT9899"]
[Site "HUN"]
[Date "1999.??.??"]
[Round "?"]
[White "Peter, Ambrus"]
[Black "Farkas, Gyula"]
[Result "1-0"]
[WhiteElo "2405"]
[BlackElo "2200"]

1.d4 d5 2.c4 c6 3.Nf3 Nf6 4.Nc3 dxc4 5.a4 Bf5 6.Ne5 Nbd7 7.Nxc4 e6 8.f3 Bb4
9.e4 Bg6 10.a5 b5 11.axb6 axb6 12.Rxa8 Qxa8 13.Qb3 Bxc3+ 14.bxc3 O-O 15.Be2 b5
16.Nb2 Qa7 17.Nd3 Ra8 18.Kf2 c5 19.dxc5 Nxc5 20.Nxc5 Qxc5+ 21.Be3 Ra3 22.Bxc5 Rxb3
23.Rd1 h6 24.Rd8+ Kh7 25.Bb4 Nh5 26.Rd2 Nf4 27.Bxb5 f5 28.Ke3 e5 29.g3 Nh3
30.Bd7 f4+ 31.Ke2 Ng1+ 32.Kf2 Rb1 33.gxf4 exf4 34.e5 Bh5 35.Bf5+  1-0

[Event "Jesenik op"]
[Site "Jesenik"]
[Date "1999.??.??"]
[Round "?"]
[White "Trmota, Zdenek"]
[Black "Janocha, Wieslaw"]
[Result "1/2-1/2"]
[WhiteElo "2275"]
[BlackElo "2335"]

1.d4 d5 2.Nf3 Nf6 3.c4 c6 4.Nc3 dxc4 5.a4 Bf5 6.e3 e6 7.Bxc4 Bb4 8.O-O Nbd7
9.Qe2 Bg6 10.Ne1 a5 11.Nd3 Be7 12.Rd1 O-O 13.Ba2 Nb6 14.Ne5 Nbd5 15.Bb3 Qc7
16.e4 Nxc3 17.bxc3 c5 18.Nxg6  1/2-1/2

[Event "La Coruna op 10th"]
[Site "La Coruna"]
[Date "1999.??.??"]
[Round "7"]
[White "Saldano, Horacio"]
[Black "Bueno Abalo, Manuel"]
[Result "1/2-1/2"]
[WhiteElo "2320"]
[BlackElo "2175"]

1.d4 d5 2.c4 c6 3.Nc3 Nf6 4.Nf3 dxc4 5.a4 Bf5 6.e3 e6 7.Bxc4 Bb4 8.O-O Nbd7
9.Ne2 O-O 10.Ng3 Bg6 11.Nh4 c5 12.Nxg6 hxg6 13.Qb3 Qb6 14.Rd1 cxd4 15.exd4 Be7
16.Bg5 Qxb3 17.Bxb3 Nb6 18.Ne4 Rac8 19.Nc5 Bxc5 20.dxc5 Rxc5 21.Be3 Rc7 22.a5 Nc4
23.Bxc4 Rxc4 24.Bxa7 Ra8 25.Bd4 Nd5 26.g3 Rb4 27.Ra3 Rb5 28.Bc3 g5 29.h3 b6
30.a6 Nxc3 31.bxc3 Ra5 32.Rb3 R5xa6 33.Rd6 Rc8 34.Kg2 Kf8 35.Rd7 g6 36.Rb7 Kg7
37.c4 Ra5 38.R3xb6 Rxc4 39.Rxe6 Rc2 40.Re3 Rf5 41.Rf3 Rxf3 42.Kxf3 Rc5 43.Rb3 Ra5
44.Re3 Rb5 45.Re4 Rf5+ 46.Ke2 Rb5 47.Kf3 Rf5+ 48.Ke2 Rb5 49.Kf3 Rf5+ 50.Kg2 Rb5
51.Ra4 Ra5 52.h4 gxh4 53.Rxh4 Re5 54.Rd4 Rb5 55.f4  1/2-1/2

[Event "Matanzas Copa Nacional"]
[Site "Matanzas"]
[Date "1999.??.??"]
[Round "13"]
[White "Marichal, Ariel"]
[Black "Gonzalez, Ronier"]
[Result "1/2-1/2"]
[WhiteElo "2177"]
[BlackElo "2225"]

1.d4 d5 2.c4 c6 3.Nc3 Nf6 4.Nf3 dxc4 5.a4 Bf5 6.e3 e6 7.Bxc4 Bb4 8.O-O O-O
9.Qe2 Nbd7 10.e4 Bg4  1/2-1/2

[Event "RUS-ch sf"]
[Site "Novosibirsk"]
[Date "1999.??.??"]
[Round "2"]
[White "Iskusnyh, Sergei"]
[Black "Fominyh, Evgeny"]
[Result "1/2-1/2"]
[WhiteElo "2486"]
[BlackElo "2290"]

1.d4 d5 2.c4 c6 3.Nf3 Nf6 4.Nc3 dxc4 5.a4 Bf5 6.Nh4 Bg4 7.h3 Bh5 8.g4 Bg6
9.Nxg6 hxg6 10.e4 e5 11.dxe5 Qxd1+ 12.Nxd1 Bb4+ 13.Bd2 Bxd2+ 14.Kxd2 Nxg4
15.f4 Na6 16.Rg1 O-O-O+ 17.Kc3 Nh2 18.Nf2 Rh4 19.Bxc4 Rxf4 20.Nd3 Rxe4 21.Rg3 f5
22.exf6 gxf6 23.Rh1 Re2 24.Rxg6 Nf3 25.Bxa6 bxa6 26.Nc5 Rdd2 27.Rc1 a5 28.Rg8+ Kc7
29.Rg7+ Kc8 30.Rg8+ Kc7 31.Rg7+ Kd6 32.Nb7+ Ke6 33.Kb3 Rxb2+ 34.Ka3 Ra2+
35.Kb3 Reb2+ 36.Kc3 Re2 37.Kb3 Rab2+ 38.Ka3 Rbd2 39.Nc5+ Kf5 40.Rf1 Rf2 41.Rxf2 Rxf2
42.Rxa7  1/2-1/2

[Event "GER-ch U16 Girls"]
[Site "Oberhof"]
[Date "1999.??.??"]
[Round "?"]
[White "Umpfenbach, Carolina"]
[Black "Mietzner, Tina"]
[Result "0-1"]
[WhiteElo "2035"]
[BlackElo "2085"]

1.d4 d5 2.c4 c6 3.Nc3 Nf6 4.Nf3 dxc4 5.a4 Bf5 6.e3 e6 7.Bxc4 Bb4 8.O-O Nbd7
9.Qb3 a5 10.Na2 Be7 11.Nh4 Be4 12.Nc3 Nb6 13.Be2 O-O 14.Nxe4 Nxe4 15.Nf3 Bb4
16.Qc2 Nf6 17.e4 h6 18.Rd1 Rc8 19.Bf4 Qe7 20.Bd2 Bxd2 21.Nxd2 c5 22.Qb3 Nbd7
23.e5 Nd5 24.Nc4 cxd4 25.Rxd4 b6 26.Rad1 Qg5 27.Rg4 Qe7 28.Qg3 f5 29.exf6 N7xf6
30.Rgd4 Rc5 31.Bf3 Rfc8 32.Nd6 R8c6 33.Ne4 Nxe4 34.Bxe4 Rc1 35.Qg6 R6c4 36.h3 Nf6
37.Kh2 Qc7+ 38.g3 Rxd1 39.Rxd1 Rxe4 40.Rd3 Re5 41.Rf3 Qd8 42.b3 Re1 43.Rc3 Re2
44.Rf3 Qd4  0-1

[Event "Capablanca mem"]
[Site "Rio de Janeiro"]
[Date "1999.??.??"]
[Round "5"]
[White "Dos Santos, Tadeu"]
[Black "Maia, Marco"]
[Result "0-1"]
[WhiteElo "2000"]
[BlackElo "2165"]

1.d4 d5 2.c4 c6 3.Nc3 Nf6 4.Nf3 dxc4 5.a4 Bf5 6.e3 e6 7.Bxc4 Bb4 8.O-O Nbd7
9.Qe2 O-O 10.e4 Bg6 11.Bg5 Qc7 12.Nd2 Bh5 13.f3 Qa5 14.Be3 Rfe8 15.Nb3 Qc7
16.Rfd1 Bxc3 17.bxc3 Nxe4 18.Qb2 Nef6 19.Nc5 Nxc5 20.dxc5 Red8 21.Rab1 Rxd1+
22.Rxd1 Bg6 23.Be2 Nd5 24.Bf2 Rd8 25.Bf1 Rd7 26.Bg3 Qd8 27.c4 Ne3 28.Rxd7 Qxd7
29.Bd6 Nxf1 30.Kxf1 Bd3+ 31.Kf2 Bxc4 32.Qd4 Bd5 33.a5 f6 34.f4 Qf7 35.Kg1 Qg6
36.Qd2 Qb1+ 37.Kf2 h5 38.h4 Qg6 39.Kg1 Qg3 40.Qb2 Qe1+ 41.Kh2 Qxh4+ 42.Kg1 Qe1+
43.Kh2 h4 44.a6 Qg3+ 45.Kg1 bxa6 46.Qb8+ Kh7 47.Qb1+ Kh6 48.Qb2 h3 49.Qd2 Qxg2+
50.Qxg2 Bxg2  0-1

[Event "Staufer-Open 11th"]
[Site "Schwaebisch Gmuend"]
[Date "1999.??.??"]
[Round "3"]
[White "Bagaturov, Giorgi"]
[Black "Timmermans, Ivo"]
[Result "1-0"]
[WhiteElo "2540"]
[BlackElo "2225"]

1.d4 d5 2.c4 c6 3.Nf3 Nf6 4.Nc3 dxc4 5.a4 Bf5 6.e3 e6 7.Bxc4 Bb4 8.O-O O-O
9.Qb3 Qe7 10.Nh4 c5 11.Na2 Ba5 12.Nxf5 exf5 13.dxc5 Nc6 14.Qc2 g6 15.b3 Nb4
16.Nxb4 Bxb4 17.Bb2 Rac8 18.Rad1 Ne4 19.Rd4 Rxc5 20.Rfd1 Rc7 21.Rd5 h5 22.Qd3 Kh7
23.Qd4 Rg8 24.Rd7  1-0

[Event "Villa de Sitges 35th"]
[Site "Sitges"]
[Date "1999.??.??"]
[Round "8"]
[White "Brumen, Dinko"]
[Black "Cuijpers, Frans Andre"]
[Result "0-1"]
[WhiteElo "2360"]
[BlackElo "2450"]

1.d4 d5 2.c4 c6 3.Nf3 Nf6 4.Nc3 dxc4 5.a4 Bf5 6.e3 e6 7.Bxc4 Bb4 8.O-O Nbd7
9.Nh4 Bg6 10.h3 O-O 11.Nxg6 hxg6 12.Qc2 Rc8 13.Rd1 Qa5 14.e4 e5 15.dxe5 Qxe5
16.Be3 Bc5 17.Qc1 Rfe8 18.Kh1 Bxe3 19.Qxe3 a5 20.f4 Qc5 21.Qxc5 Nxc5 22.e5 Nh5
23.Rd4 Ng3+ 24.Kh2 Nf5 25.Rd2 Ne3 26.Ba2 Rcd8 27.Re2 Nf5 28.Rf1 Nd4 29.Re3 Nf5
30.Re2 Rd3 31.Rff2 Nd4 32.Re1 Rd8 33.Bc4 Nde6 34.g3 R8d4 35.Bxd3 Nxd3 36.Ree2 Nxf2
37.Rxf2 Nc5 38.f5 gxf5 39.Rxf5 Nxa4 40.e6 fxe6 41.Rxa5 Rd2+ 42.Kg1 Nxc3 43.bxc3 Rd3  0-1

[Event "St Lorrain"]
[Site "St Lorrain"]
[Date "1999.??.??"]
[Round "7"]
[White "Housieaux, David"]
[Black "Veron, Cyprien"]
[Result "0-1"]
[WhiteElo "2200"]
[BlackElo "2160"]

1.d4 d5 2.c4 c6 3.Nf3 Nf6 4.Nc3 dxc4 5.a4 Bf5 6.e3 e6 7.Bxc4 Bb4 8.O-O Nbd7
9.Nh4 Bg4 10.f3 Bh5 11.g4 Nd5 12.Ng2 Bg6 13.Bd2 Qa5 14.Rc1 N7b6 15.Bb3 Bd3
16.Nxd5 Nxd5 17.Rf2 Bxd2 18.Rxd2 Ba6 19.e4 Ne7 20.h4 O-O 21.Rc5 Qb6 22.Kh1 Rfd8
23.h5 Rd7 24.Qc2 Rad8 25.Qc3 Qc7 26.Kg1 b6 27.Rg5 h6 28.Re5 Qxe5 29.dxe5 Rxd2
30.Bc2 c5 31.Nf4 Nc6 32.Nd5 Rxc2 33.Qxc2 exd5 34.exd5 Nd4 35.Qe4 Bb7 36.e6 fxe6  0-1

[Event "Sundsvall op"]
[Site "Sundsvall"]
[Date "1999.??.??"]
[Round "3"]
[White "Rahimpour, Arman"]
[Black "Malmdin, Joakim"]
[Result "0-1"]
[WhiteElo "1815"]
[BlackElo "1935"]

1.d4 d5 2.c4 c6 3.Nf3 Nf6 4.Nc3 dxc4 5.a4 Bf5 6.e3 e6 7.Bxc4 Bb4 8.O-O O-O
9.Qb3 Qe7 10.Nd2 Bg6 11.Na2 Ba5 12.Bd3 Bxd3 13.Qxd3 Rd8 14.Nc4 Bc7 15.Qe2 Nbd7
16.Bd2 e5 17.Bb4 Qe6 18.Nc3 exd4 19.exd4 Qxe2 20.Nxe2 Nb6 21.b3 Nbd5 22.Bd2 Re8
23.Rfe1 Ne4 24.Ng3 Nxd2 25.Nxd2 Kf8 26.Nde4 Ba5 27.Red1 Rad8 28.Rac1 Bb4
29.Nc5 Re7 30.Nf5 Rc7 31.g3 g6 32.Ne3 Nc3 33.Rxc3 Bxc3 34.Nc2 Ba5 35.Ne3 Bb6
36.b4 Bxc5 37.bxc5 b6 38.cxb6 axb6 39.Kf1 Ra7 40.Rb1 Rxd4 41.Rxb6 c5 42.Rb5 Rdxa4
43.Rxc5 Ra2 44.Rd5 Rb7 45.g4 Rbb2 46.Nd1 Rc2 47.Kg2 Kg7 48.h4 h6 49.Rd3 Rd2
50.Rxd2 Rxd2 51.Ne3 Kf6 52.Kg3 Ra2 53.Ng2 Ra3+ 54.f3 Ke5 55.Nf4 g5 56.hxg5 hxg5
57.Ne2 Re3 58.Kf2 Ra3 59.Ng3 Ra2+ 60.Ke3 Ra3+ 61.Kf2 Rb3 62.Nh5 Rb6 63.Ng3 Rb2+
64.Ke3 Rg2 65.Ne4 f6 66.Nc5 Rg1 67.Nd7+ Ke6 68.Nc5+ Ke5 69.Nd7+ Ke6 70.Nc5+ Kd6
71.Ne4+ Ke5 72.Nc5 Rd1 73.Ne4 Re1+ 74.Kd3 Rxe4 75.fxe4 Kf4 76.Kd4 Kxg4 77.Kd5 Kf4  0-1

[Event "SVK-chT1E 9899"]
[Site "SVK"]
[Date "1999.??.??"]
[Round "5"]
[White "Turna, Stefan"]
[Black "Varga, Peter"]
[Result "1/2-1/2"]
[WhiteElo "2255"]
[BlackElo "2390"]

1.d4 d5 2.c4 c6 3.Nc3 Nf6 4.Nf3 dxc4 5.a4 Bf5 6.e3 e6 7.Bxc4 Bb4 8.O-O O-O
9.Nh4 Nbd7 10.Nxf5 exf5 11.Bd2 c5 12.Nd5 Bxd2 13.Qxd2 Ne4 14.Qd3 Nb6 15.Nxb6 Qxb6
16.Rad1 Rac8 17.d5 Nd6 18.b3 Rfe8 19.Qc3 Ne4 20.Qd3 Rcd8 21.f3 Nd6 22.Rde1 Qa5
23.Qc2 Re5 24.Re2 a6 25.Rfe1 Qb4 26.Qd2 b5 27.axb5 axb5 28.Qxb4 cxb4 29.f4 Re7
30.Bd3 Rc7 31.g4 g6 32.gxf5 Rc3 33.Bc2 gxf5 34.Rd2 Ne4 35.Bxe4 fxe4 36.d6 Rd3
37.Rxd3 exd3 38.Rd1 Rxd6 39.Rd2 f5 40.Kf2 Kf7 41.Kf3 Ke6 42.e4 Rd4 43.e5 Kd5
44.e6 Kxe6 45.Ke3 Re4+ 46.Kf3 Re1 47.Rxd3 Rc1 48.Ke3 Rc2 49.Rd2 Rc3+ 50.Rd3 Kf6
51.Kd2 Rc6 52.Rd5 Re6 53.Rd4 Kg6 54.Rxb4 Kh5 55.Rxb5 Kg4 56.Rb7 Rh6 57.Rg7+ Kf3
58.Rg3+ Kxf4 59.Rg2 Rh3 60.Kc2 Kf3 61.Rd2 f4 62.b4 Rh6 63.Kd1 Ke3 64.Re2+ Kd3
65.Ke1 Rb6 66.Rd2+ Kc3 67.Rd7 Rxb4 68.Rxh7 Rb2 69.h4 Kd3 70.h5 Ke3 71.Re7+ Kf3
72.h6 Rh2 73.h7 Rh1+ 74.Kd2 Kf2 75.Rf7 f3 76.Rg7 Rh3 77.Kd1 Kf1 78.Rf7 f2  1/2-1/2

[Event "SWE-chT 9899"]
[Site "Sweden"]
[Date "1999.??.??"]
[Round "8"]
[White "Sandstrom, Ludvig"]
[Black "Hector, Jonny"]
[Result "1/2-1/2"]
[WhiteElo "2426"]
[BlackElo "2629"]

1.d4 d5 2.c4 c6 3.Nf3 Nf6 4.Nc3 dxc4 5.a4 Bf5 6.e3 e6 7.Bxc4 Bb4 8.O-O Nbd7
9.Nh4 Bg6 10.Nxg6 hxg6 11.Qf3 Qc7 12.g3 g5 13.e4 g4 14.Qe2 e5 15.Bxf7+ Kxf7
16.Qc4+ Kg6 17.Qxb4 exd4 18.Bf4 Ne5 19.Bxe5 Qxe5 20.Ne2 c5 21.Qxb7 Rab8 22.Qa6 Kh7
23.Nf4 Rhc8 24.Rac1 Qxe4 25.Rfe1 Qf5 26.Re7 Rxb2 27.Qxa7 Rb1 28.Rxb1 Qxb1+
29.Kg2 Kh6 30.Rxg7 Qe4+ 31.Kg1 d3 32.Qf7 Qe1+ 33.Kg2 Qe4+ 34.Kg1  1/2-1/2

[Event "SWZ-chT"]
[Site "SWZ"]
[Date "1999.??.??"]
[Round "1"]
[White "Sutter, Oliver"]
[Black "Sedina, Elena"]
[Result "0-1"]
[WhiteElo "2312"]
[BlackElo "2374"]

1.d4 Nf6 2.Nf3 d5 3.c4 c6 4.Nc3 dxc4 5.a4 Bf5 6.Ne5 Nbd7 7.Nxc4 Qc7 8.g3 e5
9.dxe5 Nxe5 10.Bf4 Nfd7 11.Bg2 f6 12.Nxe5 fxe5 13.Bg5 Nc5 14.O-O h6 15.Be3 Rd8
16.Qe1 Nb3 17.Rd1 Nd4 18.Be4 Qf7 19.Bxf5 Qxf5 20.Rd2 Bb4 21.Qd1 c5 22.Qb1 Qxb1
23.Rxb1 Ke7 24.Kg2 Nf5 25.Rxd8 Nxe3+ 26.Kf3 Rxd8 27.Kxe3 c4 28.Ne4 Ba5 29.Rc1 Rc8
30.Kf3 a6 31.Rd1 Bb4 32.e3 Ke6 33.Ke2 b5 34.axb5 axb5 35.Ra1 Rc6 36.Ra7 Be7
37.Rb7 b4 38.f3 c3 39.bxc3 bxc3 40.Nf2 c2 41.Nd3 c1=Q 42.Nxc1 Rxc1 43.Rb6+  0-1

[Event "SWZ-chT"]
[Site "SWZ"]
[Date "1999.??.??"]
[Round "6"]
[White "Rufener, Markus"]
[Black "Sedina, Elena"]
[Result "0-1"]
[WhiteElo "2118"]
[BlackElo "2374"]

1.d4 Nf6 2.c4 c6 3.Nc3 d5 4.Nf3 dxc4 5.a4 Bf5 6.e3 e6 7.Bxc4 Bb4 8.O-O Nbd7
9.Qe2 Bg6 10.h3 O-O 11.Nh4 e5 12.Nxg6 hxg6 13.Rd1 exd4 14.exd4 Nb6 15.Bb3 Nbd5
16.Qf3 Re8 17.Bg5 Qa5 18.Bxf6 Nxf6 19.d5 Bxc3 20.bxc3 cxd5 21.Bxd5 Rac8 22.c4 b6
23.g4 Re7 24.g5 Nxd5 25.cxd5 Rd8 26.Rd4 Re5 27.d6 Rxg5+ 28.Kh1 Qf5 29.Qxf5 Rxf5
30.Re1 Rf6 31.d7 Re6 32.Rc1 Kf8 33.Rc7 a5 34.Kg2 Ke7 35.Rb7 g5 36.Kf3 f6
37.Kg3 Kf7 38.Kf3 Rc6 39.Kg3 Ke7 40.Kf3 Rc3+ 41.Kg2 Rb3 42.Kh2 Ke6 43.Rc7 Ke7
44.Rb7 Ke6 45.Rc7 Rf3 46.Kg2 Rf4 47.Rc6+ Ke5 48.Rd2 Rd4 49.Rxd4 Kxd4 50.Rxb6 Rxd7
51.Ra6 Rd5 52.Ra7 Kc3 53.Rxg7 Kb4 54.Kg3 Kxa4 55.Rf7 Rf5 56.Rb7 Ka3 57.Rb6 a4
58.Kg2 Ka2 59.Kf1 Rf3 60.Ke2 Rxh3 61.Rxf6 a3 62.Kd2 Kb2 63.f3 Rh2+ 64.Kd3 a2
65.Rb6+ Kc1  0-1

[Event "Texas-J"]
[Site "USA"]
[Date "1999.??.??"]
[Round "4"]
[White "John, David C"]
[Black "Rios, Enrique"]
[Result "1-0"]
[WhiteElo "2290"]
[BlackElo "1805"]

1.d4 Nf6 2.Nf3 d5 3.c4 c6 4.Nc3 dxc4 5.a4 Bf5 6.Ne5 e6 7.f3 Bb4 8.e4 Bxe4
9.fxe4 Nxe4 10.Bd2 Qxd4 11.Nxe4 Qxe4+ 12.Qe2 Bxd2+ 13.Kxd2 Qd5+ 14.Kc2 Na6
15.Nxc4 O-O-O 16.Qe3 c5 17.Kb3 Nb4 18.Be2 Qd4 19.Rhd1 Qxe3+ 20.Nxe3 Nc6 21.Bf3 Nd4+
22.Kc4 b6 23.b4 Rd7 24.bxc5 bxc5 25.Rab1 Rc7 26.a5 Nxf3 27.gxf3 Rd8 28.Rb8+ Kxb8
29.Rxd8+ Kb7 30.Rd6 a6 31.Ng4 f6 32.Rxe6  1-0

[Event "Mislata op8th"]
[Site "Valencia"]
[Date "1999.??.??"]
[Round "2"]
[White "Cramling, Pia"]
[Black "Roig Esteve, Ramon"]
[Result "1-0"]
[WhiteElo "2504"]
[BlackElo "2090"]

1.d4 d5 2.Nf3 Nf6 3.c4 c6 4.Nc3 dxc4 5.a4 Bf5 6.Nh4 Bg6 7.Nxg6 hxg6 8.e4 e5
9.Be3 Bb4 10.Bxc4 exd4 11.Qxd4 Qxd4 12.Bxd4 Nbd7 13.O-O-O Nb6 14.Bb3 Rd8
15.Na2 Be7 16.f3 c5 17.Be3 Rxd1+ 18.Kxd1 O-O 19.Nc3 Nbd7 20.Ke2 Ne5 21.Rd1 Nc6
22.Nb5 a6 23.Nd6 Bxd6 24.Rxd6 Na5 25.Ba2 Rc8 26.e5 Ne8 27.Rd5 b6 28.Rd7 c4
29.Bxb6 Nc6 30.f4 g5 31.e6 Nb4  1-0

[Event "LTU-ch"]
[Site "Vilnius"]
[Date "1999.??.??"]
[Round "?"]
[White "Linauskas, Dainius"]
[Black "Sulskis, Giedrius"]
[Result "1/2-1/2"]
[WhiteElo "2345"]
[BlackElo "2208"]

1.d4 d5 2.c4 c6 3.Nf3 Nf6 4.Nc3 dxc4 5.a4 Bf5 6.e3 Bd3 7.Bxd3 cxd3 8.Qxd3 e6
9.O-O Be7 10.e4 Na6 11.Bg5 h6 12.Bh4 Nb4 13.Qe2 a5 14.Rad1 O-O 15.Ne5 Nd7
16.Bxe7 Qxe7 17.Nc4 c5 18.dxc5 Nxc5 19.Rd6 Nxa4 20.Nxa4 b5 21.Rfd1 bxa4 22.Nb6 Ra7
23.Qb5 Nd5 24.Nc4 Nf4 25.Qxa4 Qg5 26.g3 Nh3+ 27.Kg2 Qg4 28.Ne5 Qh5 29.f4 f6
30.Nf3 Qg4 31.e5 fxe5 32.Nxe5 Nxf4+ 33.Kh1 Qg5 34.gxf4 Qxf4 35.Qxf4 Rxf4
36.Rxe6 Ra8 37.Ng6 Rf2 38.Rd7 Rf7 39.Ree7 Rxe7 40.Nxe7+ Kf8 41.Nc6 Ra6 42.Rc7 Rb6
43.Rc8+ Kf7 44.Ne5+ Ke6 45.Rc6+ Rxc6 46.Nxc6 a4 47.Nd4+ Kd5 48.Ne2 Kc4 49.Nc1 Kd4
50.Kg2 Ke3 51.Na2 Kd3 52.Kf3 Kc2 53.Nc3 a3 54.bxa3 Kxc3 55.Kf4 Kb3 56.Kf5 Kxa3
57.Kg6 Kb4 58.Kxg7 h5 59.h4 Kc5 60.Kg6 Kd6 61.Kxh5 Ke7 62.Kg6  1/2-1/2

[Event "Copa dos Campeoes op"]
[Site "Vitoria"]
[Date "1999.??.??"]
[Round "3"]
[White "Souza Filho, Namyr C"]
[Black "Loureiro, Luiz"]
[Result "0-1"]
[WhiteElo "2130"]
[BlackElo "2365"]

1.Nf3 d5 2.d4 Nf6 3.c4 c6 4.Nc3 dxc4 5.a4 Bf5 6.e3 e6 7.Bxc4 Bb4 8.O-O O-O
9.Ne5 Nbd7 10.Nxd7 Qxd7 11.Qe2 Bg6 12.Rd1 Qe7 13.Na2 Bd6 14.b4 Rfd8 15.b5 Rac8
16.Bb2 cxb5 17.axb5 Bxh2+ 18.Kxh2 Qc7+ 19.Kg1 Qxc4 20.Qxc4 Rxc4 21.Rdc1 Bd3
22.Rc3 Rxc3 23.Nxc3 a6 24.bxa6 bxa6 25.Na4 Bb5 26.Nc5 Ra8 27.Bc3 Nd7 28.Nxd7 Bxd7
29.Bb4 f6 30.Ra5 Bb5 31.f3 Kf7 32.Kf2 Ke8 33.e4 Kd7 34.Ke3 Rb8 35.Bc5 Bc4
36.f4 Rb3+ 37.Kf2 Rb2+ 38.Kf3 Be2+ 39.Ke3 Bb5 40.g3 f5 41.exf5 exf5 42.Ra3 Rg2
43.d5 Rxg3+ 44.Kd4 Rxa3 45.Bxa3 h5 46.Ke5 h4 47.Bc5 h3 48.Bg1 g6 49.Kf6 a5
50.Kg5 Kd6 51.Kh4 Bf1  0-1

[Event "JUG-chT"]
[Site "Vrnjacka Banja"]
[Date "1999.??.??"]
[Round "3"]
[White "Ivanov, Sergey"]
[Black "Lastin, Alexander"]
[Result "1/2-1/2"]
[WhiteElo "2538"]
[BlackElo "2552"]

1.d4 d5 2.c4 c6 3.Nf3 Nf6 4.Nc3 dxc4 5.a4 Bf5 6.Ne5 Nbd7 7.Nxc4 Qc7 8.g3 e5
9.dxe5 Nxe5 10.Bf4 Nfd7 11.Bg2 f6 12.O-O Nc5 13.Ne3 Bg6 14.b4 Ne6 15.b5 Rd8
16.Qb3 Bf7 17.Bxe5 fxe5 18.bxc6 bxc6 19.Rab1 Nd4 20.Qb7 Bd6 21.Qa6 O-O 22.Nc4 Bc5
23.e3 Nc2 24.Rfc1 Nb4 25.Qa5 Qxa5 26.Nxa5 Bg6 27.Ne4 Bb6 28.Rxb4 Bxa5 29.Rb2 Rb8
30.Rxb8 Rxb8 31.h4 Rb4 32.Nc5 Be8 33.Nd3 Rxa4 34.Nxe5 Bd2 35.Rd1 Ra2 36.Nc4 Bb4
37.Rd8 Kf7 38.Bxc6 Ra1+ 39.Kh2 Bxc6 40.Ne5+ Kf6 41.Nxc6 Bc5 42.Kg2 Ra2 43.Kf3 Ke6
44.Nd4+ Ke7 45.Rd5 Bb6 46.g4 g6 47.h5 Rb2 48.Re5+ Kf6 49.Re6+ Kf7 50.Rd6 gxh5
51.gxh5 Rd2 52.Nf5 Rxd6 53.Nxd6+ Ke6 54.Nc4 Kf5 55.e4+ Kg5 56.e5 Kf5 57.Kg3 Bd4
58.f4 a5 59.Kf3 a4 60.Nd6+ Ke6 61.Nb5 Bb2 62.Ke4 a3 63.f5+ Ke7 64.Nxa3  1/2-1/2

[Event "JUG-chT"]
[Site "Vrnjacka Banja"]
[Date "1999.??.??"]
[Round "8"]
[White "Laketic, Gojko"]
[Black "Matulovic, Milan"]
[Result "1/2-1/2"]
[WhiteElo "2418"]
[BlackElo "2418"]

1.d4 d5 2.c4 dxc4 3.Nf3 Nf6 4.Nc3 c6 5.a4 Bf5 6.e3 e6 7.Bxc4 Bb4 8.O-O Nbd7
9.Qe2 Bg6 10.e4 Bxc3 11.bxc3 Nxe4 12.Ba3 Qc7  1/2-1/2

[Event "JUG-chT"]
[Site "Vrnjacka Banja"]
[Date "1999.??.??"]
[Round "10"]
[White "Scekic, Milos"]
[Black "Pajkovic, Vladimir"]
[Result "1/2-1/2"]
[WhiteElo "2452"]
[BlackElo "2430"]

1.d4 d5 2.c4 c6 3.Nf3 Nf6 4.Nc3 dxc4 5.a4 Bf5 6.e3 e6 7.Bxc4 Bb4 8.O-O Nbd7
9.Qe2 Bg6 10.e4 O-O 11.Bd3 Bh5 12.Bf4 Re8 13.e5 Nd5 14.Nxd5 cxd5 15.Qe3 Bg6
16.Bg5 Be7 17.Bxg6 fxg6 18.Rfc1 Bxg5 19.Nxg5 h6 20.Nf3 Nb8 21.a5 a6 22.h4 Nc6
23.Rc5 Rf8 24.g3 Rc8  1/2-1/2

[Event "Wisla Hugart op (Women)"]
[Site "Warsaw"]
[Date "1999.??.??"]
[Round "?"]
[White "Cmilyte, Viktorija"]
[Black "Matras, Agnieszka"]
[Result "1-0"]
[WhiteElo "2310"]
[BlackElo "2156"]

1.d4 d5 2.c4 c6 3.Nc3 Nf6 4.Nf3 dxc4 5.a4 Bf5 6.e3 e6 7.Bxc4 Bb4 8.O-O Nbd7
9.Qe2 Bg4 10.h3 Bxf3 11.Qxf3 O-O 12.Rd1 Rc8 13.e4 e5 14.Be3 Qe7 15.Re1 exd4
16.Bxd4 Ne5 17.Qe2 c5 18.Bxe5 Qxe5 19.Rad1 Rcd8 20.Qe3 Rd4 21.f4 Qe7 22.Bb3 Rxd1
23.Bxd1 Rd8 24.Bf3 c4 25.Kh1 Bc5 26.Qe2 Rd3 27.e5 Nd7 28.Rd1 Re3 29.Nd5 Rxe2
30.Nxe7+ Bxe7 31.Bxe2 Nc5 32.Bxc4 Kf8 33.Ra1 Ne4 34.Bd5 Nf2+ 35.Kh2 b6 36.Bc4 Ne4
37.g3 Bc5 38.Rd1 Bf2 39.Kg2 Bc5 40.Rd7 f6 41.exf6 Nxf6 42.Rf7+  1-0

[Event "Zaragoza op 11th"]
[Site "Zaragoza"]
[Date "1999.??.??"]
[Round "3"]
[White "Cifuentes Parada, Roberto"]
[Black "Garcia Ares, Felix"]
[Result "1/2-1/2"]
[WhiteElo "2525"]
[BlackElo "2240"]

1.d4 d5 2.c4 c6 3.Nc3 Nf6 4.Nf3 dxc4 5.a4 Bf5 6.Ne5 Na6 7.f3 Nd7 8.Nxd7 Bxd7
9.e4 e5 10.dxe5 Be6 11.Be3 Bc5 12.Qxd8+ Rxd8 13.Ke2 O-O 14.Bxc5 Nxc5 15.Ke3 Nb3
16.Rb1 Nd4 17.Rc1 b5 18.axb5 cxb5 19.Be2 b4 20.Nd5 Nxe2 21.Kxe2 Bxd5 22.exd5 Rxd5
23.Rxc4 Rxe5+ 24.Kf2 a5 25.Rd1 Rfe8 26.Rd2 g6 27.Rc7 R8e7 28.Rxe7 Rxe7 29.Rd5 Rc7
30.Rxa5 Rc2+ 31.Kg3 Rxb2 32.Rb5 b3 33.h4 Kg7 34.Rb6 h5 35.Kh3 Rb1 36.Kg3 Kf8
37.Rb7 Ke8 38.Kf4 f6 39.Kg3 Kd8  1/2-1/2